000 01067naa a22002777a 4500
001 BR9101824
003 BR-BrBNA
005 20250721155402.0
007 ta
008 250630b bl.|||m| |||| 00| 0 por d
040 _aBR-BrBNA
_bpor
_cBiblioteca Nacional de Agricultura
041 _a(Pt)
072 _aE14
_b/G514
090 _aE14 BR9101824
100 1 _aBezerra, F.F.
111 1 _a2. Seminario Agropecuario do Acre
_cRio Branco, AC (Brazil)
_d13-17 Oct 1986
245 1 _aTecnologias para o pequeno produtor e a importancia da interiorizacao da pesquisa
500 _aAnais do 2. Seminario Agropecuario do Acre Rio Branco, AC (Brasil): 1988. p. 73-84 (BR9101824-AMS)
773 0 _tAnais do 2. Seminario Agropecuario do Acre
_wE14 BR9101824
_gRio Branco, AC (Brasil), 1988. p. 73-84
650 _aTECNOLOGIA AGRICOLA
650 _aDIFUSAO DE TECNOLOGIA
650 _aACRE
490 _aDocumentos - Unidade de Execucao de Pesquisa de Ambito Estadual de Rio Branco (Brazil)
_vNo. 10
942 _cAMS
_2AGRIS
909 _a202506
_bLúcia
_c55
_dLúcia Elande
999 _c336206
_d336206